000 00760nam a2200253Ia 4500
003 OSt
005 20220928101800.0
006 a|||||r|||| 00| 0
007 ta
008 220927b |||||||| |||| 00| 0 hin d
020 _cINR 395.00
024 _a144710
037 _bBR10133, 13/03/2021, Rajkamal Prakashan Pvt.Ltd.
_cTextual
040 _aSDCL
_cSDCL
_bhin
041 _2hin
_ahin
082 _aP152:795, Q9
100 _aArvindashan A. Ed.
_9395095
245 0 _aAnuvad anusrjan
260 _aDelhi
_bRadha Krishna Prakashan
_c2019
300 _a126p.
_ccm.
650 _aHindi
_9391598
942 _hP152:795, Q9
_cTEXL
_2CC
999 _c710721
_d710721